000 00576nam a2200193Ia 4500
003 OSt
005 20221007083136.0
006 a|||||r|||| 00| 0
007 ta
008 221006b |||||||| |||| 00| 0 eng d
024 _a22,956
037 _cDissertations
040 _aFLL
_cFLL
_beng
041 _2eng
_aeng
100 _aKapur Sudha
_9700331
245 0 _aDevolution of the interest of the intestate in the Mitakshara coparcenary property under section 6 of the hindu seccession act, 1956,
942 _cDIS
_2CC
999 _c1168957
_d1168957